|
|
|
|
| LEADER |
00000cam a22000004a 4500 |
| 001 |
musev2_48170 |
| 003 |
MdBmJHUP |
| 005 |
20230905045015.0 |
| 006 |
m o d |
| 007 |
cr||||||||nn|n |
| 008 |
161112s2013 azu o 00 0 eng d |
| 020 |
|
|
|a 9780816535958
|
| 020 |
|
|
|z 9780816536566
|
| 020 |
|
|
|z 9780816521159
|
| 035 |
|
|
|a (OCoLC)1016843325
|
| 040 |
|
|
|a MdBmJHUP
|c MdBmJHUP
|
| 100 |
1 |
|
|a Marak, Andrae M.
|
| 245 |
1 |
0 |
|a At the Border of Empires :
|b The Tohono O'odham, Gender, and Assimilation, 1880-1934
|
| 250 |
|
|
|a 2nd ed.
|
| 264 |
|
1 |
|a Tucson :
|b University of Arizona Press,
|c 2013.
|
| 264 |
|
3 |
|a Baltimore, Md. :
|b Project MUSE,
|c 2018
|
| 264 |
|
4 |
|c ©2013.
|
| 300 |
|
|
|a 1 online resource (227 pages).
|
| 336 |
|
|
|a text
|b txt
|2 rdacontent
|
| 337 |
|
|
|a computer
|b c
|2 rdamedia
|
| 338 |
|
|
|a online resource
|b cr
|2 rdacarrier
|
| 505 |
0 |
|
|a List of Illustrations; Acknowledgments; Introduction; 1. The Early History of the Tohono O'odham; 2. Vices and Values: Fighting Against the Influences of the "Wrong Sort"; 3. Marriage and Morals: The Solution to Vice and the Key to Americanization; 4. Schools and Gendered Education: Assimilating Tribal Youth; 5. Vocation: Of Men and Women, Farmers and Housewives; 6. Mexico: A Counterexample; Conclusion; Notes; Selected Bibliography; Index.
|
| 588 |
|
|
|a Description based on print version record.
|
| 650 |
|
7 |
|a Tohono O'odham Indians
|x Social life and customs.
|2 fast
|0 (OCoLC)fst01152124
|
| 650 |
|
7 |
|a Tohono O'odham Indians.
|2 fast
|0 (OCoLC)fst01152101
|
| 650 |
|
6 |
|a Papago (Indiens)
|x Histoire.
|
| 650 |
|
6 |
|a Papago (Indiens)
|x Moeurs et coutumes.
|
| 650 |
|
6 |
|a Papago (Indiens)
|x Acculturation.
|
| 650 |
|
0 |
|a Tohono O'odham Indians
|x History.
|
| 650 |
|
0 |
|a Tohono O'odham women
|x Social conditions.
|
| 650 |
|
0 |
|a Tohono O'odham Indians
|x Social life and customs.
|
| 650 |
|
0 |
|a Tohono O'odham Indians
|x Cultural assimilation.
|
| 655 |
|
7 |
|a History.
|2 fast
|0 (OCoLC)fst01411628
|
| 655 |
|
7 |
|a Electronic books.
|2 local
|
| 700 |
1 |
|
|a Tuennerman, Laura.
|
| 710 |
2 |
|
|a Project Muse.
|e distributor
|
| 830 |
|
0 |
|a Book collections on Project MUSE.
|
| 856 |
4 |
0 |
|z Texto completo
|u https://projectmuse.uam.elogim.com/book/48170/
|
| 945 |
|
|
|a Project MUSE - Custom Collection
|
| 945 |
|
|
|a Project MUSE - Archive Complete Supplement VI
|
| 945 |
|
|
|a Project MUSE - Archive Global Cultural Studies Supplement VI
|
| 945 |
|
|
|a Project MUSE - Archive Native American and Indigenous Studies Supplement V
|